'Anne of Green Gables' in Order Quiz Stats

 Plays Quiz not verified by Sporcle

Support Sporcle.
Go Orange.
Score 0/15 Timer 10:00
0 Plays Today
% Correct
???
82.5%
???
77%
???
70.6%
???
58.3%
???
57.9%
???
52.3%
???
50.3%
???
47.9%
% Correct
???
42.7%
???
41.4%
???
41.3%
???
37.6%
???
33.8%
???
32.7%
???
27.8%

You're not logged in!

Compare scores with friends on all Sporcle quizzes.
OR
Log In

From the Vault

Movie Word Quintets IX

by Larryholmes79

"If you wanna rock, you gotta break the rules. You gotta get mad at the man!"
Remove Ads.
Support Sporcle.
Get the best of Sporcle when you Go Orange. This ad-free experience offers more features, more stats, and more fun while also helping to support Sporcle. Thank you for becoming a member.

Show Comments

Extras

Top Quizzes Today


Score Distribution

Your Account Isn't Verified!

In order to create a playlist on Sporcle, you need to verify the email address you used during registration. Go to your Sporcle Settings to finish the process.

Report this User

Report this user for behavior that violates our Community Guidelines.

Details: